[Event "Olimpiada Dresden 2008 Femenina"]
[Site "Dresden GER"]
[Date "2008.11.23"]
[Round "10.24"]
[White "Vega Gutierrez, Sabrina"]
[Black "Lindiawati, Evi"]
[Result "1-0"]
[WhiteElo "2278"]
[BlackElo "2121"]
[PlyCount "69"]
[EventDate "2008.11.13"]
[EventType "team-swiss"]
[EventRounds "11"]
[EventCountry "GER"]
[Source "lmi"]
[SourceDate "2008.11.13"]
[WhiteTeam "España"]
[BlackTeam "Indonesia"]
[WhiteTeamCountry "ESP"]
[BlackTeamCountry "INA"]

1. e4 d5 2. exd5 Qxd5 3. Nf3 Bg4 4. Be2 Nf6 5. d4 e6 6. Be3 c6 7. c4 Qa5+ 8.
Nbd2 Ne4 9. O-O Nxd2 10. Bxd2 Qc7 11. d5 Bd6 12. h3 Bxf3 13. Bxf3 e5 14. b4
cxd5 15. Bxd5 O-O 16. c5 Be7 17. Re1 Nc6 18. Bc3 Rad8 19. Qf3 Bf6 20. Qe4 Nd4
21. Bxb7 Nb5 22. Bb2 Rd2 23. Rab1 Rfd8 24. Ba6 Nd4 25. Bc3 Rxa2 26. Bxd4 Rxa6
27. Bxe5 Bxe5 28. Qxe5 Qxe5 29. Rxe5 f6 30. Re7 Ra2 31. c6 Kf8 32. Rb7 Rc2 33.
b5 a6 34. c7 Rc8 35. b6 1-0

[Event "Olimpiada Dresden 2008 Femenina"]
[Site "Dresden GER"]
[Date "2008.11.23"]
[Round "10.24"]
[White "Dewi, Aa Citra"]
[Black "Delgado Crespo, Mairelys"]
[Result "1-0"]
[WhiteElo "1802"]
[BlackElo "2277"]
[PlyCount "57"]
[EventDate "2008.11.13"]
[EventType "team-swiss"]
[EventRounds "11"]
[EventCountry "GER"]
[Source "lmi"]
[SourceDate "2008.11.13"]
[WhiteTeam "Indonesia"]
[BlackTeam "España"]
[WhiteTeamCountry "INA"]
[BlackTeamCountry "ESP"]

1. e4 c5 2. Nf3 e6 3. d4 cxd4 4. Nxd4 Qb6 5. Nb3 Qc7 6. Bd3 a6 7. O-O Nf6 8. f4
d6 9. a4 b6 10. Nc3 Bb7 11. g4 Be7 12. Be3 h5 13. g5 Ng4 14. Bc1 d5 15. Qe2
dxe4 16. Nxe4 f5 17. gxf6 gxf6 18. h3 Nh6 19. Nd4 f5 20. Nxe6 Qc6 21. Nd4 Rg8+
22. Kh2 Qg6 23. Ng5 Qd6 24. Qxh5+ Kd8 25. Nde6+ Kd7 26. Rd1 Bd5 27. Bc4 Qxe6
28. Rxd5+ Qxd5 29. Bxd5 1-0

[Event "Olimpiada Dresden 2008 Femenina"]
[Site "Dresden GER"]
[Date "2008.11.23"]
[Round "10.25"]
[White "Topel, Zehra"]
[Black "Dauletova, Gulmira"]
[Result "1-0"]
[WhiteElo "2214"]
[BlackElo "2253"]
[PlyCount "107"]
[EventDate "2008.11.13"]
[EventType "team-swiss"]
[EventRounds "11"]
[EventCountry "GER"]
[Source "lmi"]
[SourceDate "2008.11.13"]
[WhiteTeam "Turquía"]
[BlackTeam "Kazajstán"]
[WhiteTeamCountry "TUR"]
[BlackTeamCountry "KAZ"]

1. d4 Nf6 2. c4 g6 3. Nc3 Bg7 4. e4 d6 5. f3 O-O 6. Be3 c5 7. Nge2 Qa5 8. Qd2
Nc6 9. d5 Ne5 10. Ng3 a6 11. Be2 h5 12. O-O b5 13. cxb5 axb5 14. Nxb5 Bd7 15.
a4 h4 16. Nh1 h3 17. Qxa5 Rxa5 18. b3 hxg2 19. Kxg2 Nh5 20. Bd2 Bxb5 21. Bxb5
Rxb5 22. axb5 Nd3 23. Ra6 Nhf4+ 24. Bxf4 Nxf4+ 25. Kg3 Be5 26. Kf2 Bd4+ 27. Kg3
Be5 28. Kf2 Rb8 29. b6 Nd3+ 30. Kg2 Nb4 31. Ra7 Rxb6 32. Rxe7 Nd3 33. Nf2 Nf4+
34. Kh1 Kf8 35. Rc7 Rxb3 36. Ng4 Bd4 37. e5 dxe5 38. d6 Rb8 39. Nh6 Kg7 40.
Nxf7 Ne6 41. Re7 Kf6 42. Nh6 Rd8 43. Ng4+ Kf5 44. Rf7+ Kg5 45. Nf6 c4 46. Ne4+
Kh6 47. Rc1 c3 48. h4 Ng7 49. d7 Ra8 50. Ng5 Bb6 51. Rxc3 Ra1+ 52. Kh2 Ra2+ 53.
Kh3 Bg1 54. Rxg7 1-0

[Event "Olimpiada Dresden 2008 Femenina"]
[Site "Dresden GER"]
[Date "2008.11.23"]
[Round "10.25"]
[White "Rysbayeva, Aigerim"]
[Black "Yanik, Emine"]
[Result "0-1"]
[WhiteElo "2180"]
[BlackElo "2049"]
[PlyCount "126"]
[EventDate "2008.11.13"]
[EventType "team-swiss"]
[EventRounds "11"]
[EventCountry "GER"]
[Source "lmi"]
[SourceDate "2008.11.13"]
[WhiteTeam "Kazajstán"]
[BlackTeam "Turquía"]
[WhiteTeamCountry "KAZ"]
[BlackTeamCountry "TUR"]

1. e4 c5 2. Nf3 d6 3. d4 cxd4 4. Nxd4 Nf6 5. Nc3 a6 6. Be3 e5 7. Nf3 Be7 8. Bc4
O-O 9. O-O Qc7 10. Bb3 Nbd7 11. Qe2 b5 12. Bg5 Bb7 13. Rfd1 Rac8 14. a3 h6 15.
Bxf6 Nxf6 16. Ne1 Rfd8 17. Nd5 Nxd5 18. Bxd5 Bxd5 19. Rxd5 Qc4 20. Qd3 Rc5 21.
Rd1 Rdc8 22. c3 Qb3 23. Qc2 Qc4 24. f3 a5 25. Rxc5 Rxc5 26. Nd3 Rc8 27. Qd2 Bg5
28. Qe2 Qb3 29. Nf2 b4 30. Qa6 Rc4 31. cxb4 Be3 32. Qxd6 Bd4 33. Rf1 axb4 34.
axb4 Qxb2 35. Qd8+ Kh7 36. Qh4 Rc1 37. g4 Rc3 38. Kg2 Rc2 39. Qg3 Qxb4 40. Kh1
Bxf2 41. Rxf2 Rc1+ 42. Kg2 Qd4 43. Kh3 g5 44. Qg2 Rc3 45. Qg3 Rc1 46. Kg2 Qa1
47. Kh3 Kg7 48. Rd2 Qc3 49. Rd5 f6 50. Qf2 Rc2 51. Qf1 Qb2 52. Qg1 Kg6 53. Rd7
Rc3 54. Kg3 Qe2 55. Qf2 Qxe4 56. Kg2 Qf4 57. h3 e4 58. fxe4 Qxe4+ 59. Kh2 Rf3
60. Qd2 Qe5+ 61. Kg1 Qg3+ 62. Qg2 Qe1+ 63. Kh2 Rf2 0-1

[Event "Olimpiada Dresden 2008 Femenina"]
[Site "Dresden GER"]
[Date "2008.11.23"]
[Round "10.26"]
[White "Houska, Jovanka"]
[Black "Blackburn, Suzie G"]
[Result "1-0"]
[WhiteElo "2399"]
[BlackElo "1883"]
[PlyCount "65"]
[EventDate "2008.11.13"]
[EventType "team-swiss"]
[EventRounds "11"]
[EventCountry "GER"]
[Source "lmi"]
[SourceDate "2008.11.13"]
[WhiteTeam "Inglaterra"]
[BlackTeam "Gales"]
[WhiteTeamCountry "ENG"]
[BlackTeamCountry "WLS"]

1. d4 Nf6 2. Nf3 e6 3. c4 Bb4+ 4. Bd2 Qe7 5. g3 O-O 6. Bg2 Bxd2+ 7. Qxd2 Ne4 8.
Qc2 f5 9. O-O d6 10. Nc3 Nxc3 11. Qxc3 Nd7 12. Rac1 e5 13. dxe5 dxe5 14. e4 f4
15. c5 c6 16. Rfd1 Re8 17. Rd2 Nf6 18. Ng5 h6 19. Qb3+ Kh8 20. Nf7+ Kh7 21. Nd6
Rd8 22. Rcd1 Be6 23. Qc3 fxg3 24. hxg3 Bg4 25. f3 Bh5 26. Nf5 Rxd2 27. Rxd2 Qe8
28. Rd6 Nd7 29. Qd2 Nf8 30. Rxh6+ Kg8 31. Nd6 Rd8 32. Qg5 Qd7 33. Rxh5 1-0

[Event "Olimpiada Dresden 2008 Femenina"]
[Site "Dresden GER"]
[Date "2008.11.23"]
[Round "10.26"]
[White "Smith, Olivia"]
[Black "Ciuksyte, Dagne"]
[Result "0-1"]
[WhiteElo "1961"]
[BlackElo "2339"]
[PlyCount "52"]
[EventDate "2008.11.13"]
[EventType "team-swiss"]
[EventRounds "11"]
[EventCountry "GER"]
[Source "lmi"]
[SourceDate "2008.11.13"]
[WhiteTeam "Gales"]
[BlackTeam "Inglaterra"]
[WhiteTeamCountry "WLS"]
[BlackTeamCountry "ENG"]

1. e4 c5 2. Nf3 a6 3. d4 cxd4 4. Nxd4 e5 5. Nf3 Nf6 6. c4 Nc6 7. Bd3 Bb4+ 8.
Bd2 O-O 9. O-O Bxd2 10. Qxd2 d6 11. Nc3 Bg4 12. Ne1 Nd4 13. Nc2 Nxc2 14. Bxc2
Rc8 15. Bd3 Qa5 16. Rac1 Nh5 17. b3 Nf4 18. f3 Bd7 19. Rfd1 Bc6 20. Bb1 b5 21.
cxb5 axb5 22. Kh1 Rfd8 23. Nd5 Qxd2 24. Rxd2 Bxd5 25. Rxc8 Rxc8 26. g3 Rc1+ 0-1

[Event "Olimpiada Dresden 2008 Femenina"]
[Site "Dresden GER"]
[Date "2008.11.23"]
[Round "10.26"]
[White "Lauterbach, Ingrid"]
[Black "Wilson, Julie"]
[Result "1/2-1/2"]
[WhiteElo "2178"]
[BlackElo "1935"]
[PlyCount "119"]
[EventDate "2008.11.13"]
[EventType "team-swiss"]
[EventRounds "11"]
[EventCountry "GER"]
[Source "lmi"]
[SourceDate "2008.11.13"]
[WhiteTeam "Inglaterra"]
[BlackTeam "Gales"]
[WhiteTeamCountry "ENG"]
[BlackTeamCountry "WLS"]

1. e4 c5 2. Nf3 Nc6 3. d3 g6 4. g3 Bg7 5. Bg2 d6 6. O-O Nf6 7. c3 O-O 8. Nh4
Bd7 9. f4 Qb6 10. Kh1 Rad8 11. Na3 e6 12. Nc4 Qc7 13. Ne3 Kh8 14. g4 d5 15. g5
Nh5 16. exd5 Ne7 17. f5 Nxf5 18. Nexf5 exf5 19. Bf3 Ng3+ 20. hxg3 Qxg3 21. Qe1
Qh3+ 22. Kg1 Rfe8 23. Bg2 Qg4 24. Qf2 Be5 25. Bf4 Bb5 26. c4 Bd4 27. Qxd4+ cxd4
28. cxb5 Qxh4 29. d6 Qg4 30. Rf2 Re2 31. Raf1 Rxf2 32. Rxf2 b6 33. Kh2 Qh5+ 34.
Kg1 Qd1+ 35. Kh2 Qxd3 36. Bc6 Qc4 37. d7 Qe6 38. Rd2 Rxd7 39. Bxd7 Qxd7 40.
Be5+ Kg8 41. Rxd4 Qe7 42. Bf6 Qe2+ 43. Kg1 Qe3+ 44. Kf1 Qc1+ 45. Ke2 Qxb2+ 46.
Ke3 Qc1+ 47. Ke2 Qb2+ 48. Kf3 Qa3+ 49. Kf4 Qc1+ 50. Kf3 Qc3+ 51. Kg2 Qc2+ 52.
Kg3 Qc3+ 53. Kf4 Qc1+ 54. Kf3 Qc3+ 55. Ke2 Qc2+ 56. Kf3 Qc3+ 57. Kg2 Qc2+ 58.
Kg3 Qc3+ 59. Kh2 Qc2+ 60. Kg3 1/2-1/2

[Event "Olimpiada Dresden 2008 Femenina"]
[Site "Dresden GER"]
[Date "2008.11.23"]
[Round "10.27"]
[White "Lang, Heather"]
[Black "Solomons, Anzel"]
[Result "1-0"]
[WhiteElo "2063"]
[BlackElo "1908"]
[PlyCount "71"]
[EventDate "2008.11.13"]
[EventType "team-swiss"]
[EventRounds "11"]
[EventCountry "GER"]
[Source "lmi"]
[SourceDate "2008.11.13"]
[WhiteTeam "Escocia"]
[BlackTeam "Sudáfrica"]
[WhiteTeamCountry "SCO"]
[BlackTeamCountry "RSA"]

1. e4 e5 2. Nc3 Nf6 3. f4 d6 4. Nf3 Nc6 5. Bc4 Be7 6. d3 O-O 7. O-O Na5 8. Bb3
Nxb3 9. axb3 c6 10. Qe1 Qc7 11. fxe5 dxe5 12. Qg3 Re8 13. Kh1 Bd6 14. Ng5 Qe7
15. Nh3 Nh5 16. Qf3 Bxh3 17. Qxh3 Nf4 18. Bxf4 exf4 19. Ne2 g5 20. Nd4 Qe5 21.
Nf5 Bf8 22. Qg4 f6 23. c3 a6 24. Rf3 Rad8 25. h4 h6 26. Rh3 Qe6 27. Qh5 Rd7 28.
Qg6+ Kh8 29. Nxh6 Bxh6 30. hxg5 Rh7 31. Rxh6 Ree7 32. Rxh7+ Rxh7+ 33. Kg1 Qf7
34. Qxf6+ Qxf6 35. gxf6 Rf7 36. e5 1-0

[Event "Olimpiada Dresden 2008 Femenina"]
[Site "Dresden GER"]
[Date "2008.11.23"]
[Round "10.27"]
[White "Greeff, Melissa"]
[Black "Giulian, Rosemary A"]
[Result "1/2-1/2"]
[WhiteElo "1963"]
[BlackElo "2032"]
[PlyCount "79"]
[EventDate "2008.11.13"]
[EventType "team-swiss"]
[EventRounds "11"]
[EventCountry "GER"]
[Source "lmi"]
[SourceDate "2008.11.13"]
[WhiteTeam "Sudáfrica"]
[BlackTeam "Escocia"]
[WhiteTeamCountry "RSA"]
[BlackTeamCountry "SCO"]

1. e4 e6 2. d4 d5 3. Nc3 Bb4 4. e5 c5 5. a3 Bxc3+ 6. bxc3 Qc7 7. Nf3 b6 8. h4
Ne7 9. h5 h6 10. a4 Ba6 11. Bxa6 Nxa6 12. O-O Rc8 13. Qe2 c4 14. Nh4 Nb8 15.
Qg4 Rg8 16. f4 Qd7 17. Ba3 Nbc6 18. Rae1 Nf5 19. Nxf5 exf5 20. Qh3 Qe6 21. Kh1
g6 22. hxg6 Rxg6 23. Re3 Kd7 24. Rg3 Rcg8 25. Rxg6 Rxg6 26. Rb1 Na5 27. Qf3 a6
28. Bd6 Kc6 29. Kg1 Rg4 30. Kf2 Nb7 31. Ba3 h5 32. Rh1 h4 33. Rh3 Qh6 34. Ke3
Nd8 35. g3 Qg6 36. Kf2 hxg3+ 37. Rxg3 Ne6 38. Bc1 Qh5 39. Rh3 Qg6 40. Rh1
1/2-1/2

[Event "Olimpiada Dresden 2008 Femenina"]
[Site "Dresden GER"]
[Date "2008.11.23"]
[Round "10.27"]
[White "Wilman, Carey"]
[Black "De Jager, Carmen"]
[Result "1/2-1/2"]
[WhiteElo "2037"]
[BlackElo "1800"]
[PlyCount "112"]
[EventDate "2008.11.13"]
[EventType "team-swiss"]
[EventRounds "11"]
[EventCountry "GER"]
[Source "lmi"]
[SourceDate "2008.11.13"]
[WhiteTeam "Escocia"]
[BlackTeam "Sudáfrica"]
[WhiteTeamCountry "SCO"]
[BlackTeamCountry "RSA"]

1. d4 d5 2. Bf4 c6 3. c3 Bf5 4. Nf3 e6 5. Nbd2 Qb6 6. Qb3 Nd7 7. Nh4 Be7 8.
Nxf5 exf5 9. Nf3 Ngf6 10. e3 Ne4 11. h4 g6 12. Bd3 Ndf6 13. Be5 Rg8 14. Bxf6
Bxf6 15. Qxb6 axb6 16. a3 b5 17. Rc1 Ke7 18. Nd2 Rge8 19. Bxe4 fxe4 20. Nb3 Bg7
21. O-O f5 22. Na1 Kd6 23. Nc2 Bh6 24. g3 Re6 25. Kg2 Rg8 26. Rh1 Bf8 27. Kf1
h6 28. Ke2 Be7 29. Rh3 Rf8 30. Rch1 Ref6 31. R3h2 Kd7 32. Ke1 b6 33. Ke2 Ra8
34. Rd1 Kc7 35. Nb4 Bd6 36. Rf1 Re8 37. Rg1 Rf7 38. Rd1 Kb7 39. Rc1 Rc8 40. Rd1
Bc7 41. Rc1 Rd8 42. Rd1 Rfd7 43. Rhh1 Rf7 44. Rh2 Rdf8 45. Rdh1 Rg8 46. Rh3
Rgg7 47. Rg1 Bd6 48. Rhh1 g5 49. hxg5 hxg5 50. Rh6 Kc7 51. g4 f4 52. exf4 Rxf4
53. Nc2 Rgf7 54. Rg2 Rf3 55. Ne3 Bf4 56. Rh1 Kd7 1/2-1/2

[Event "Olimpiada Dresden 2008 Femenina"]
[Site "Dresden GER"]
[Date "2008.11.23"]
[Round "10.28"]
[White "Sammalvuo, Niina"]
[Black "Tsiganova, Monika"]
[Result "1-0"]
[WhiteElo "2248"]
[BlackElo "2208"]
[PlyCount "123"]
[EventDate "2008.11.13"]
[EventType "team-swiss"]
[EventRounds "11"]
[EventCountry "GER"]
[Source "lmi"]
[SourceDate "2008.11.13"]
[WhiteTeam "Finlandia"]
[BlackTeam "Estonia"]
[WhiteTeamCountry "FIN"]
[BlackTeamCountry "EST"]

1. e4 c6 2. d3 d5 3. Nd2 g6 4. Ngf3 Bg7 5. g3 e5 6. Bg2 Ne7 7. O-O O-O 8. b3 d4
9. Ne1 c5 10. f4 exf4 11. gxf4 Nbc6 12. a4 f5 13. e5 Be6 14. Nc4 Nd5 15. Nf3 h6
16. Qe1 Ndb4 17. Rf2 Qe7 18. Re2 Kh7 19. Qg3 Rad8 20. Nh4 Bf7 21. Bf3 Rg8 22.
Rg2 Bf8 23. Nd6 Rd7 24. Ba3 b6 25. Bxb4 Nxb4 26. a5 Nd5 27. Nxf7 Qxf7 28. Bxd5
Qxd5 29. axb6 axb6 30. Ra6 Qb7 31. Ra1 Qd5 32. Qf3 Qxf3 33. Nxf3 Rgg7 34. Ra6
Rb7 35. Kf2 Be7 36. h4 Bd8 37. Rg1 Ra7 38. Rga1 Rxa6 39. Rxa6 Rb7 40. Ra8 Be7
41. Kg3 Kg7 42. Ra6 Kf7 43. b4 c4 44. Nxd4 Bxb4 45. Nb5 Be1+ 46. Kh3 Ke6 47.
Nd6 Rb8 48. Nxc4 Bf2 49. Kg2 Bc5 50. Kf3 Kd5 51. Ne3+ Ke6 52. c3 Be7 53. d4
Bxh4 54. d5+ Kf7 55. Nc4 Bd8 56. Nd6+ Kf8 57. c4 Be7 58. Nb5 Bc5 59. Nc7 Rc8
60. Ne6+ Kf7 61. Ra7+ Ke8 62. d6 1-0

[Event "Olimpiada Dresden 2008 Femenina"]
[Site "Dresden GER"]
[Date "2008.11.23"]
[Round "10.28"]
[White "Gansvind, Valeriya I"]
[Black "Rautanen, Sari"]
[Result "1-0"]
[WhiteElo "2212"]
[BlackElo "1981"]
[PlyCount "97"]
[EventDate "2008.11.13"]
[EventType "team-swiss"]
[EventRounds "11"]
[EventCountry "GER"]
[Source "lmi"]
[SourceDate "2008.11.13"]
[WhiteTeam "Estonia"]
[BlackTeam "Finlandia"]
[WhiteTeamCountry "EST"]
[BlackTeamCountry "FIN"]

1. d4 d6 2. Nf3 Bg4 3. g3 Bxf3 4. exf3 d5 5. Bg2 Nf6 6. Nd2 e6 7. O-O Bd6 8. f4
O-O 9. Nf3 c5 10. dxc5 Bxc5 11. Ne5 Qc7 12. c3 Nc6 13. Qe2 Rad8 14. Bd2 Rfe8
15. Rad1 Nd7 16. Nd3 Bf8 17. Rfe1 Nf6 18. Ne5 Bd6 19. Bc1 Nd7 20. Ng4 h5 21.
Ne3 Nf6 22. Bf3 h4 23. Ng2 hxg3 24. hxg3 e5 25. fxe5 Bxe5 26. Qf1 d4 27. c4 Nb4
28. a3 Nc2 29. Rxe5 Qxe5 30. Qd3 Nxa3 31. bxa3 Re6 32. Nf4 Rb6 33. Kg2 g6 34.
Rh1 Kg7 35. Ne2 Rh8 36. Rxh8 Kxh8 37. Bf4 Qe7 38. Qxd4 Kg8 39. c5 Re6 40. Nc3
Nd7 41. Bd6 Qg5 42. Ne4 Qd8 43. Bf4 Qe7 44. Bd6 Qe8 45. Ng5 Re1 46. Bd5 Ne5 47.
Qh4 Kg7 48. Qh7+ Kf6 49. Ne4+ 1-0

[Event "Olimpiada Dresden 2008 Femenina"]
[Site "Dresden GER"]
[Date "2008.11.23"]
[Round "10.28"]
[White "Vahtra, Tuuli"]
[Black "Walta, Paivi"]
[Result "1/2-1/2"]
[WhiteElo "1961"]
[BlackElo "1824"]
[PlyCount "153"]
[EventDate "2008.11.13"]
[EventType "team-swiss"]
[EventRounds "11"]
[EventCountry "GER"]
[Source "lmi"]
[SourceDate "2008.11.13"]
[WhiteTeam "Estonia"]
[BlackTeam "Finlandia"]
[WhiteTeamCountry "EST"]
[BlackTeamCountry "FIN"]

1. c4 f5 2. g3 Nf6 3. Bg2 g6 4. d4 Bg7 5. Nh3 O-O 6. Nc3 c6 7. Nf4 Na6 8. h4
Qe8 9. O-O d6 10. d5 Nc7 11. Rb1 Bd7 12. b4 Rd8 13. Be3 cxd5 14. Ncxd5 Ncxd5
15. Nxd5 b6 16. b5 Qf7 17. a4 Nxd5 18. cxd5 Qe8 19. Qb3 Ra8 20. Rfc1 f4 21.
Bxf4 Bf5 22. e4 e5 23. dxe6 Bxe6 24. Qa3 Be5 25. Be3 Rd8 26. f4 Bg7 27. Rd1 Rf7
28. Rxd6 Bf8 29. Rxd8 Qxd8 30. Qb2 Qd3 31. Re1 Rc7 32. Qe5 Qd7 33. f5 Bb3 34.
fxg6 hxg6 35. Qg5 Kh7 36. h5 Qe6 37. Rf1 Bg7 38. hxg6+ Qxg6 39. Qh4+ Bh6 40. e5
Rc4 41. Qxh6+ Qxh6 42. Bxh6 Kxh6 43. Bd5 Rc3 44. Bxb3 Rxg3+ 45. Kf2 Rxb3 46. e6
Kg7 47. Ke2 Rh3 48. Rf7+ Kg6 49. Rxa7 Kf6 50. e7 Kf7 51. Rb7 Ra3 52. Rxb6 Rxa4
53. Rb7 Re4+ 54. Kd3 Rxe7 55. Rb6 Ke8 56. Kc4 Kd8 57. Kc5 Kc8 58. Rc6+ Kb8 59.
Kb6 Rb7+ 60. Kc5 Rf7 61. Rd6 Rc7+ 62. Kd5 Rb7 63. b6 Rh7 64. Kc6 Rh8 65. b7 Ka7
66. Rd7 Rb8 67. Rc7 Ka6 68. Rd7 Ka7 69. Rf7 Rh8 70. Kc7 Rb8 71. Kc6 Rh8 72. Rf5
Kb8 73. Rb5 Rh6+ 74. Kd7 Rh7+ 75. Kc6 Rh6+ 76. Kc5 Rh5+ 77. Kd4 1/2-1/2

[Event "Olimpiada Dresden 2008 Femenina"]
[Site "Dresden GER"]
[Date "2008.11.23"]
[Round "10.29"]
[White "Beltz, Franziska"]
[Black "Guerrero Rodriguez, Alejandra"]
[Result "1-0"]
[WhiteElo "2109"]
[BlackElo "2143"]
[PlyCount "63"]
[EventDate "2008.11.13"]
[EventType "team-swiss"]
[EventRounds "11"]
[EventCountry "GER"]
[Source "lmi"]
[SourceDate "2008.11.13"]
[WhiteTeam "Alemania"]
[BlackTeam "México"]
[WhiteTeamCountry "GER"]
[BlackTeamCountry "MEX"]

1. e4 c5 2. Nf3 e6 3. d4 cxd4 4. Nxd4 Qb6 5. Nb3 Nc6 6. Bd3 Nf6 7. Nc3 a6 8.
O-O Be7 9. Kh1 O-O 10. f4 d6 11. Qe2 Qc7 12. a4 b6 13. Bd2 Bb7 14. Rae1 Nd7 15.
Rf3 Nc5 16. Rh3 Nxd3 17. cxd3 g6 18. Qe3 Rfe8 19. f5 Bf8 20. f6 Ne5 21. Qg3 Qd8
22. Rf1 Nd7 23. Qh4 h5 24. g4 Nxf6 25. Bg5 Be7 26. Bxf6 Bxf6 27. Rxf6 Kg7 28.
Rhf3 Re7 29. gxh5 d5 30. hxg6 fxg6 31. Rxg6+ Kxg6 32. Qg4+ 1-0

[Event "Olimpiada Dresden 2008 Femenina"]
[Site "Dresden GER"]
[Date "2008.11.23"]
[Round "10.29"]
[White "Mendoza Velazquez, Lorena Aleja"]
[Black "Ulms, Sandra"]
[Result "1/2-1/2"]
[WhiteElo "2015"]
[BlackElo "2160"]
[PlyCount "136"]
[EventDate "2008.11.13"]
[EventType "team-swiss"]
[EventRounds "11"]
[EventCountry "GER"]
[Source "lmi"]
[SourceDate "2008.11.13"]
[WhiteTeam "México"]
[BlackTeam "Alemania"]
[WhiteTeamCountry "MEX"]
[BlackTeamCountry "GER"]

1. Nf3 Nf6 2. g3 g6 3. Bg2 Bg7 4. c4 d6 5. O-O O-O 6. Nc3 Nc6 7. d3 e5 8. Rb1
a5 9. a3 Nh5 10. b4 axb4 11. axb4 f5 12. b5 Ne7 13. Qb3 Kh8 14. Bb2 f4 15. Ne4
fxg3 16. hxg3 Nf6 17. c5 Nf5 18. b6 Nxe4 19. dxe4 Nd4 20. Nxd4 exd4 21. bxc7
Qxc7 22. cxd6 Qxd6 23. Qd5 Rd8 24. Rfd1 Qc7 25. Qb3 Ra6 26. e3 Be6 27. Qd3 Bc4
28. Rbc1 Rc6 29. Qd2 Bb3 30. Rxc6 bxc6 31. Rc1 Qb6 32. exd4 Bxd4 33. Bxd4+ Qxd4
34. Qxd4+ Rxd4 35. Rxc6 Rd1+ 36. Kh2 Rd2 37. Rf6 Kg7 38. Rf3 Bc2 39. Rf4 Re2
40. f3 Bb3 41. Kg1 Bc4 42. Rh4 g5 43. Rh5 Re1+ 44. Kh2 Kg6 45. g4 Ra1 46. Kg3
h6 47. Rh2 Bb5 48. f4 gxf4+ 49. Kxf4 Ra2 50. e5 Rf2+ 51. Kg3 Re2 52. Rh5 Bd7
53. Bf3 Re3 54. Kf4 Ra3 55. Be4+ Kg7 56. Rh2 Ra4 57. Re2 Bc6 58. Re3 Bd7 59.
Kf3 Kf8 60. Bf5 Bc6+ 61. Kg3 Ra1 62. e6 Ke7 63. Rc3 Be8 64. Rc7+ Kf6 65. Rc8
Ke7 66. Rc7+ Kf6 67. Rc8 Ke7 68. Rc7+ Kf6 1/2-1/2

[Event "Olimpiada Dresden 2008 Femenina"]
[Site "Dresden GER"]
[Date "2008.11.23"]
[Round "10.29"]
[White "Osmanodja, Filiz"]
[Black "Real Pereyra, Diana Karime"]
[Result "0-1"]
[WhiteElo "1939"]
[BlackElo "1766"]
[PlyCount "92"]
[EventDate "2008.11.13"]
[EventType "team-swiss"]
[EventRounds "11"]
[EventCountry "GER"]
[Source "lmi"]
[SourceDate "2008.11.13"]
[WhiteTeam "Alemania"]
[BlackTeam "México"]
[WhiteTeamCountry "GER"]
[BlackTeamCountry "MEX"]

1. e4 c5 2. Nf3 d6 3. d4 cxd4 4. Nxd4 Nf6 5. Nc3 Nc6 6. Bg5 Bd7 7. Bxf6 gxf6 8.
Bc4 Qb6 9. Nb3 h5 10. Nd5 Qd8 11. Qd2 Bh6 12. f4 Ne5 13. Be2 Rc8 14. O-O-O Nc4
15. Qd4 Nb6 16. g3 Nxd5 17. exd5 a5 18. Qe4 f5 19. Qd3 Bg7 20. c3 a4 21. Nd4 a3
22. b3 Qa5 23. Kd2 Qxd5 24. Bf3 Qa5 25. Bxb7 Rc7 26. Bf3 O-O 27. Rc1 Rfc8 28.
Bxh5 e5 29. Nxf5 e4 30. Ne7+ Kf8 31. Qxd6 Bxc3+ 32. Ke3 Qa7+ 33. Kxe4 Re8 34.
Kf3 Rxe7 35. Kg2 Bc6+ 36. Bf3 Bxf3+ 37. Kxf3 Qe3+ 38. Kg4 Qe2+ 39. Kh4 f5 40.
h3 Rc6 41. Qd8+ Kg7 42. g4 Qf2+ 43. Kg5 Rg6+ 44. Kh5 Rh6+ 45. Kg5 Qh4+ 46. Kxf5
Qf6# 0-1

[Event "Olimpiada Dresden 2008 Femenina"]
[Site "Dresden GER"]
[Date "2008.11.23"]
[Round "10.30"]
[White "Ptacnikova, Lenka"]
[Black "Malikgulyewa, Aykamar"]
[Result "1/2-1/2"]
[WhiteElo "2237"]
[BlackElo "2051"]
[PlyCount "96"]
[EventDate "2008.11.13"]
[EventType "team-swiss"]
[EventRounds "11"]
[EventCountry "GER"]
[Source "lmi"]
[SourceDate "2008.11.13"]
[WhiteTeam "Islandia"]
[BlackTeam "Turkmenistán"]
[WhiteTeamCountry "ISL"]
[BlackTeamCountry "TKM"]

1. e4 c6 2. d4 d5 3. e5 Bf5 4. Nf3 e6 5. Be2 c5 6. O-O Nc6 7. c3 a6 8. Nbd2 b5
9. dxc5 Bxc5 10. Nb3 Bb6 11. Nbd4 Nge7 12. Bg5 Qc7 13. Bxe7 Nxe7 14. Nxf5 Nxf5
15. a4 O-O 16. axb5 a5 17. Bd3 Nh6 18. Ra4 f6 19. Qe2 f5 20. Nd4 Qe7 21. f4 g5
22. fxg5 Qxg5 23. Kh1 Rae8 24. Nf3 Qg7 25. h3 f4 26. Nd4 Kh8 27. Rf3 Qg5 28.
Bc2 Nf7 29. Qd3 Qh6 30. Rxf4 Nxe5 31. Rxf8+ Rxf8 32. Qe2 Nc4 33. Ra1 e5 34. Nf3
Qf4 35. Re1 Ne3 36. Bb3 Qg3 37. Bxd5 Nxd5 38. Qxe5+ Qxe5 39. Rxe5 Nc7 40. c4
Re8 41. Rf5 Ne6 42. Re5 Kg7 43. g4 h6 44. Nh4 Bc7 45. Re3 Bb6 46. Re5 Bc7 47.
Re3 Bb6 48. Re5 Bc7 1/2-1/2

[Event "Olimpiada Dresden 2008 Femenina"]
[Site "Dresden GER"]
[Date "2008.11.23"]
[Round "10.30"]
[White "Hallaeva, Bahar"]
[Black "Thorsteinsdottir, Gudlaug"]
[Result "1-0"]
[WhiteElo "2119"]
[BlackElo "2156"]
[PlyCount "91"]
[EventDate "2008.11.13"]
[EventType "team-swiss"]
[EventRounds "11"]
[EventCountry "GER"]
[Source "lmi"]
[SourceDate "2008.11.13"]
[WhiteTeam "Turkmenistán"]
[BlackTeam "Islandia"]
[WhiteTeamCountry "TKM"]
[BlackTeamCountry "ISL"]

1. e4 c5 2. c3 d5 3. exd5 Qxd5 4. d4 e6 5. Nf3 Nf6 6. Na3 a6 7. Nc2 Nc6 8. Be3
cxd4 9. Ncxd4 Be7 10. Nxc6 Qxc6 11. Qd4 O-O 12. Rd1 Nd5 13. Bd3 Nxe3 14. fxe3
Qc5 15. O-O Qh5 16. Qe4 f5 17. Qc4 Kh8 18. e4 fxe4 19. Qxe4 Qf5 20. Qe2 Qc5+
21. Kh1 Bf6 22. Qe4 g6 23. Nh4 Qg5 24. Bc2 Kg7 25. Nf3 Qf5 26. Qe2 Qg4 27. Be4
e5 28. Rd6 Rf7 29. h3 Qg3 30. Rfd1 Be7 31. R6d5 Bxh3 32. gxh3 Qxh3+ 33. Nh2
Raf8 34. Bg2 Qh4 35. Qxe5+ Bf6 36. Qe4 Qf2 37. R5d2 Qg3 38. Qg4 Qc7 39. Rd7 Qe5
40. Rxf7+ Rxf7 41. Rd7 Qe1+ 42. Bf1 Be7 43. Qd4+ Kg8 44. Qd1 Qh4 45. Rd4 Qf2
46. Bc4 1-0

[Event "Olimpiada Dresden 2008 Femenina"]
[Site "Dresden GER"]
[Date "2008.11.23"]
[Round "10.30"]
[White "Thorsteinsdottir, Hallgerdur"]
[Black "Isaeva, Aknyr"]
[Result "1/2-1/2"]
[WhiteElo "1915"]
[BlackElo "2063"]
[PlyCount "62"]
[EventDate "2008.11.13"]
[EventType "team-swiss"]
[EventRounds "11"]
[EventCountry "GER"]
[Source "lmi"]
[SourceDate "2008.11.13"]
[WhiteTeam "Islandia"]
[BlackTeam "Turkmenistán"]
[WhiteTeamCountry "ISL"]
[BlackTeamCountry "TKM"]

1. e4 c5 2. Nf3 Nc6 3. c3 d5 4. exd5 Qxd5 5. d4 cxd4 6. cxd4 Bg4 7. Be2 e6 8.
Nc3 Qd7 9. O-O Nf6 10. Ne5 Nxe5 11. dxe5 Qxd1 12. Bxd1 Bxd1 13. Rxd1 Nd7 14.
Nb5 Ke7 15. f4 Nb6 16. Be3 f6 17. Nxa7 Nd5 18. Bc5+ Kf7 19. Bxf8 Rhxf8 20. Nb5
Nxf4 21. Rd7+ Kg6 22. g3 Nd5 23. Rxb7 Rfb8 24. Rxb8 Rxb8 25. a4 fxe5 26. Re1
Kf6 27. Re2 Nb4 28. b3 Nd3 29. Re3 Nc5 30. Kf2 e4 31. Rc3 Nd3+ 1/2-1/2